Responses for Show #3583 - Wednesday, March 15, 2000

Robin Carroll game 3.

Contestants

[<< previous game]

Mollie Fucilla, an elementary school teacher from San Francisco, California

Steve Tanner, an administrative assistant from Los Angeles, California

Robin Carroll, a researcher from Marietta, Georgia (whose 2-day cash winnings total $26,000)

[next game >>]

Jeopardy! Round responses

MEDICINE
JOIN THE TEAM
ODDS & ENDS
FICTIONAL INDIANS
YOU SHOULD "C"
THE STATE I'M IN
    $100 1
(R: What is the area underneath your eyes?)
(Alex: (at break) Robin, your response is acceptable, so we're giving you back $200.)

Eyelids

RobinSteve
    $100 26
Basketball

Robin
    $100 23
Sour

Steve
    $100 8
Tiger Lily

Steve
    $100 13
Capsize

Mollie
    $100 18
Arizona

Robin
    $200 2
Smell

Robin
    $200 27
Softball

Robin
    $200 6
Manes

Steve
    $200 9
Minnehaha

Robin
    $200 14
Catherine

Steve
    $200 19
Oregon

Mollie
    $300 3
Pins & needles

Steve
    $300 28
Volleyball

Robin
    $300 7
Yale

Robin
    $300 10
Howdy Doody

Robin
    $300 15
Cheshire Cat

Mollie
    $300 20
New Hampshire

Steve
    $400 4
(S: What is dry skin?)
(M: What is puffy eyes?)
(R: What is itching?)

Sunburn

RobinSteveMollie
Triple Stumper
    $700 29
Ice hockey

Robin
    $400 24
Florence

Mollie
    $400 11
Atlanta Braves

Triple Stumper
    $400 16
Country Music Association

Mollie
    $400 21
Pennsylvania

Robin
    $500 5
(R: What is Tourette's?)

Chorea

RobinSteve
    $500 30
Lacrosse

Robin
    $500 25
Manuel Noriega

Steve
    $500 12
Running Bear

Robin
    $500 17
Cote d' Ivoire

Robin
    $500 22
Georgia

Mollie

Scores at the first commercial break (after clue 15):

Robin Steve Mollie
$700 $1,000 $0

Scores at the end of the Jeopardy! Round:

Robin Steve Mollie
$3,500 $1,900 $1,500

Double Jeopardy! Round responses

THOMAS MORE
TV & MOVIE ACTORS
EARTH SCIENCE
BE A ROADS SCHOLAR
(Alex: Notice the spelling)
WHICH CAME FIRST?
TALKING ITALIAN
    $200 26
Law

Robin
    $200 1
Herve Villechaize

Mollie
    $200 17
Equator

Steve
    $200 12
Fifth Avenue

Mollie
    $200 7
(R: What is "Pogo?")

"Dick Tracy" (1931)

RobinSteve
    $200 21
Money

Steve
    $400 27
Sainthood

Robin
    $400 2
(M: What is "Antz?")

A Bug's Life

RobinMollie
    $400 6
Epicenter

Robin
    $400 13
Route 66

Robin
    $400 8
The Andy Griffith Show (1960)

Robin
    $400 22
Grazie

Robin
    $600 28
Treason

Robin
    $600 3
Sarah Jessica Parker

Steve
    $600 18
Crust

Steve
    $1,000 14
Interstate 10

Robin
    $600 9
"Sticky Fingers"

Steve
    $600 23
Maggio

Robin
    $800 29
(S: What is archbishop?)

Chancellor of England

RobinSteve
    $800 4
Jack Klugman

Mollie
    $1,000 19
(S: What is the North Pole?)

North Magnetic Pole

Steve
    $800 15
(Mollie: What is Pennsylvania Avenue?)

Massachusetts Avenue

SteveMollie
    $800 10
(S: What is "Nicholas Nickleby?")

"Oliver Twist"

RobinSteve
    $800 24
Basta

Robin
    $1000 30
Hans Holbein the Younger

Robin
    $1000 5
Tin Men

Steve
    $1000 20
Troposphere

Triple Stumper
    $1000 16
Toronto

Steve
    $1000 11
Zachary Taylor

Triple Stumper
    $1000 25
Dolce

Steve

Scores at the end of the Double Jeopardy! Round:

Robin Steve Mollie
$11,500 $5,500 $1,500
(lock game)

[wagering suggestions for these scores]

Final Jeopardy! Round responses

ARTISTS
(Alex: I hope you didn't put down my name because I only have 3 on that list!)
MollieWho are Van Gogh and Picasso?
$1,401
SteveWho are Picasso and DaVinci?
$5,250
RobinWho are Monet and Van Gogh?
$400
Pablo Picasso & Vincent van Gogh

Final scores:

Robin Steve Mollie
$11,100 $250 $2,901
3-day champion: $37,100 3rd place: JVC FS-800 Stereo System & 32 Jazz CDs 2nd place: Trip to Pueblo Bonito Blanco Resort, Cabo San Lucas, Mexico

Game dynamics:

Coryat scores:

Robin Steve Mollie
$10,800 $6,500 $1,500
28 R
(including 2 DDs),
3 W
19 R,
4 W
(including 1 DD)
9 R,
3 W

Combined Coryat: $18,800

[game clues] [game scores] [suggest correction]

Game tape date: 1999-12-15
The J! Archive is created by fans, for fans. Scraping, republication, monetization, and malicious use prohibited; this site may use cookies and collect identifying information. See terms. The Jeopardy! game show and all elements thereof, including but not limited to copyright and trademark thereto, are the property of Jeopardy Productions, Inc. and are protected under law. This website is not affiliated with, sponsored by, or operated by Jeopardy Productions, Inc. Join the discussion at JBoard.tv.